MEDICAL PARASITOLOGY (Record no. 14111)

MARC details
000 -LEADER
fixed length control field 00295nam a22001457a 4500
003 - CONTROL NUMBER IDENTIFIER
control field SGT
082 ## - DEWEY DECIMAL CLASSIFICATION NUMBER
Classification number 616.01
Item number M16A
100 ## - MAIN ENTRY--PERSONAL NAME
Personal name ARORA, D.R.
245 ## - TITLE STATEMENT
Title MEDICAL PARASITOLOGY
250 ## - EDITION STATEMENT
Edition statement 4TH
260 ## - PUBLICATION, DISTRIBUTION, ETC. (IMPRINT)
Place of publication, distribution, etc INDIA
Name of publisher, distributor, etc CBS
Year of Publication 2016
300 ## - PAGE DESCRIPTION
No. of Pages 285
650 ## - SUBJECT ADDED ENTRY--TOPICAL TERM
Topical term or geographic name as entry element MICROBIOLOGY
942 ## - ADDED ENTRY ELEMENTS (KOHA)
Source of classification or shelving scheme Dewey Decimal Classification
Koha item type Books
942 ## - ADDED ENTRY ELEMENTS (KOHA)
-- 35
Holdings
Withdrawn status Lost status Source of classification or shelving scheme Damaged status Not for loan Collection code Home library Current library Shelving location Date acquired Vendor Name Cost, normal purchase price SGTU Bill Number Total Checkouts Full call number Accession No. (Barcode) Date last seen Date last borrowed Bill Date Koha item type
    Dewey Decimal Classification     MEDICAL SGT Medical Library SGT Medical Library Text Book 21/12/2017 ABC DELHI 595.00 SGTU 8923 29 616.01 M16A FM10171 03/01/2025 26/12/2024   Books
    Dewey Decimal Classification     MEDICAL SGT Medical Library SGT Medical Library Text Book 21/12/2017 ABC DELHI 595.00 SGTU 8923 7 616.01 M16A FM10172 10/02/2025 09/12/2024   Books
    Dewey Decimal Classification     MEDICAL SGT Medical Library SGT Medical Library Text Book 21/12/2017 ABC DELHI 595.00 SGTU 8923 20 616.01 M16A FM10173 06/10/2022 20/09/2022   Books
    Dewey Decimal Classification     MEDICAL SGT Medical Library SGT Medical Library Text Book 21/12/2017 ABC DELHI 595.00 SGTU 8923 18 616.01 M16A FM10174 28/01/2023 23/01/2023   Books
    Dewey Decimal Classification     MEDICAL SGT Medical Library SGT Medical Library Text Book 21/12/2017 ABC DELHI 595.00 SGTU 8923 22 616.01 M16A FM10175 02/05/2024 25/04/2024   Books